Petite encyclopédie des locomotives a vapeur

Bibliographic Details
Main Author: Bauer, Zdeněk (Author)
Other Authors: Bouda, Jiří, 1934- (Illustrator), Kenížová, Anna (Translator)
Format: Book
Language:French
Czech
PhysicalDescription:222 s. fareb. ilustr., sch. 20 cm
Published: Paris BAUDOUIN 1988
ISBN:286396089X
Subjects:

MARC

LEADER 00000nam a2200000 a 4500
001 vtls008302679
003 SK-MaSNL
005 20260302074206.0
008 240315s1988 fr ol f 000 0 fre
020 |a 286396089X  |q (viaz.) 
040 |a SNK  |b slo  |c SNK  |e AACR2 
041 1 |a fre  |h cze 
044 |a fr  |c FR 
072 7 |a 629  |x Dopravné prostriedky  |2 konspekt 
080 |a 629.422  |2 2001 
080 |a (031)  |2 2001 
100 1 |a Bauer, Zdeněk  |4 aut  |9 450063 
245 1 0 |a Petite encyclopédie des locomotives a vapeur  |c texte Zdeněk Bauer; illustrations Jiří Bouda; [traduction Anna Kenížová] 
260 |a Paris  |b BAUDOUIN  |c 1988 
300 |a 222 s.  |b fareb. ilustr., sch.  |c 20 cm 
500 |a Zoz. skrat. 
504 |a Bibliogr. s. 42-43 
650 0 7 |a parné lokomotívy  |2 SNKPH  |9 75551 
655 7 |a encyklopédie  |2 SNKPH  |9 28776 
700 1 |a Bouda, Jiří,  |d 1934-  |4 ill  |9 42514 
700 1 |a Kenížová, Anna  |4 trl  |9 381478 
919 |a 2-86396-089-X 
958 |a OND 
999 |c 1164041  |d 1165971 
952 |a SNK  |b SNK  |y PREZ  |7 0  |p 17A0485722  |o snkSD 75155  |i snk2005/16945  |8 1  |0 0  |1 0  |4 0  |d 2005-10-13  |l 0  |r 2025-11-24 00:00:00  |w 2026-02-24